Szczegóły MARC21

Literatura Greków i Rzymian /

003 -Nazwa inst., której nr kontr. jest w polu 001 [,]
    • @
    • Nazwa instytucji, której n kontrolny jest w polu 001
    • NUKAT
005 -DATA I CZAS OSTATNIEJ MODYFIKACJI [,]
    • @
    • pole kontrolne
    • 20241231102745.0
020 -Międzynarod. znormalizowany nr książki - ISBN [ , ]
    • a
    • Numer ISBN
    • 8373910786 Find
    • z
    • Błędny ISBN (P)
    • 8373110786 Find
040 -Instytucja sporządzająca opis [ , ]
    • a
    • Instytucja, która sporządziła opis (NP)
    • TOR U/KC
    • c
    • Instytucja, która sporządziła rekord (NP)
    • TOR U/KC
    • d
    • Instytucja, która zmodyfikowała rekord (P)
    • TOR U/AP
    • d
    • Instytucja, która zmodyfikowała rekord (P)
    • Ł U/RRs
942 -Rodzaj dokumentu [ , ]
    • c
    • Rodzaj dokumentu
    • Książka
100 -Hasło główne - nazwa osobowa [1, ]
    • a
    • Nazwa osobowa (NP)
    • Kubiak, Zygmunt
    • d
    • Daty biograficzne (NP)
    • (1929-2004).
    • 9
    • KHW
    • 32027
245 -Strefa tytułu i oznaczenia odpowiedzialności [1,0]
    • a
    • Tytuł
    • Literatura Greków i Rzymian / Find
    • c
    • Pozostałe elementy strefy tytułu i oznaczenia odpowiedzialności (NP)
    • Zygmunt Kubiak.
260 -Strefa adresu wydawniczego [ , ]
    • a
    • Miejsce wydania (P)
    • Warszawa :
    • b
    • Nazwa wydawcy (P)
    • Świat Książki,
    • c
    • Data wydania (P)
    • 2003.
300 -Strefa opisu fizycznego [ , ]
    • a
    • Określenie formy książki i/lub objętość (NP)
    • 655, [1] s. :
    • b
    • Oznaczenie ilustracji (NP)
    • il. ;
    • c
    • Format (NP)
    • 21 cm.
336 -Typ zawartości [ , ]
    • a
    • Termin opisujący typ zawartości
    • Tekst
    • b
    • Kod określający zawartość
    • txt
    • 2
    • Źródło (terminu i kodu)
    • rdacontent
337 -Typ mediów [ , ]
    • a
    • Tryb odtwarzania
    • Bez urządzenia pośredniczącego
    • b
    • Kod typu mediów
    • n
    • 2
    • Źródło (terminu i kodu)
    • rdamedia
338 -Typ/rodzaj nośnika [ , ]
    • a
    • Hasło opisujące typ nośnika
    • Wolumin
    • b
    • Kod typu nośnika
    • nc
    • 2
    • Źródło (terminu i kodu)
    • rdacarrier
504 -Uwaga dot. bibliogr. załącznikowej [ , ]
    • a
    • Uwaga dot. bibliografii załącznikowej
    • Indeks.
080 -Uniwersalna Klasyfikacja Dziesiętna [ , ]
    • 2
    • Identyfikator wydania tablic
    • UDC-PO58
    • a
    • Symbol klasyfikacji
    • 821.14'02
    • b
    • Dopowiedzenie
    • Literatura grecka klasyczna.
    • x
    • Poddział wspólny
    • (091)
    • b
    • Dopowiedzenie
    • Opracowania historyczne.
    • x
    • Poddział wspólny
    • "-07/03"
    • b
    • Dopowiedzenie
    • Od VIII w. p.n.e. do III w n.e.
080 -Uniwersalna Klasyfikacja Dziesiętna [ , ]
    • 2
    • Identyfikator wydania tablic
    • UDC-PO58
    • a
    • Symbol klasyfikacji
    • 821.124
    • b
    • Dopowiedzenie
    • Literatura łacińska.
    • x
    • Poddział wspólny
    • (091)
    • b
    • Dopowiedzenie
    • Opracowania historyczne.
    • x
    • Poddział wspólny
    • "-01/04"
    • b
    • Dopowiedzenie
    • Od II w. p.n.e. do V w. n.e.
080 -Uniwersalna Klasyfikacja Dziesiętna [ , ]
    • 2
    • Identyfikator wydania tablic
    • UDC-PO58
    • a
    • Symbol klasyfikacji
    • 821.14'02-82
    • b
    • Dopowiedzenie
    • Literatura grecka klasyczna - antologie. Wypisy. Chrestomatie. Silva rerum.
080 -Uniwersalna Klasyfikacja Dziesiętna [ , ]
    • 2
    • Identyfikator wydania tablic
    • UDC-PO58
    • a
    • Symbol klasyfikacji
    • 821.124-82
    • b
    • Dopowiedzenie
    • Literatura łacińska - antologie. Wypisy. Chrestomatie. Silva rerum.
650 -Hasło przedmiotowe [ ,7]
    • a
    • Hasło przedmiotowe
    • Literatura klasyczna
    • x
    • Określnik rzeczowy
    • historia i krytyka.
    • 2
    • Źródło terminu
    • kaba
    • 9
    • KHW
    • 402186
655 -Hasło w funkcji tematu formalnego [ ,7]
    • a
    • Hasło
    • Literatura klasyczna
    • v
    • Określnik formy
    • antologie.
    • 2
    • Źródło terminu
    • kaba
    • 9
    • KHW
    • 566193
655 -Hasło w funkcji tematu formalnego [ ,7]
    • a
    • Hasło
    • Literatura klasyczna
    • v
    • Określnik formy
    • tłumaczenia polskie.
    • 2
    • Źródło terminu
    • kaba
    • 9
    • KHW
    • 630505
980 -Symbol UKD [ , ]
    • a
    • UKD
    • 821.14'02(091)"-07/03":821.124(091)"-01/04":821.14'02-82:821.124-82
710 -Hasło dodatkowe - nazwa ciała zbiorowego [2, ]
    • a
    • Nazwa ciała zbiorowego lub nazwa geograficzna jako pierwszy element (NP)
    • Świat Książki (1994-2017).
    • 4
    • Kod relacji
    • pbl
    • 9
    • KHW
    • 68782
920 -ISBN [ , ]
    • a
    • ISBN
    • 83-7391-078-6 Find
    • z
    • Błędny ISBN
    • 83-7311-078-6 Find
Data inwentaryzacji Lokalizacja Numer inwentarzowy Status udost. Obwoluta Sygnatura
2007-10-04BGW.207456-3  
2010-11-26BGW.207610-31 
2006-02-15BMP.200401 POL. Literatura klasyczna 02